000 00890nam0a22002291 4500
001 rc\407254
005 20250621074135.0
035 _a(NLR Aleph) 005655541
090 _a6817740
_c6817740
100 _a20030616d1988 |||y0rusy50 ca
101 0 _arus
102 _aRU
105 _ay |||||||||
200 1 _aАктуальные проблемы интенсификации общественного производства
_f[Е.М. Анципович, В.Е. Бутеня, С.С. Васковский и др.]
_gПод ред. д. э. н., проф. М.И. Плотницкого, д. э. н., проф. М.Г. Муталимова
210 _aМинск
_cНаука и техника
_d1988
215 _a264 с.
_d20
320 _aБиблиогр.: с. 258-262
801 0 _aRU
_bNLR
_gpsbo
801 1 _aRU
_bELAR
_2rusmarc
852 _aNLR
_j89-3/3188
942 _cBOOK
980 _aNB